00562nam a22002177a 4500003000200000005001700002008000200019010001300021020002200034035002300056037001600079040001500095082001500110100001500125245003900140260005200179270004900231300002000280650002200300650002200322020180801122241.00 aB-121970 c00.00a8176486876 aB-121970, B-121975 bCen Lib/Ret aDPLbENc0 a004.6bPAN aPankaj, S. aComputer networking /cby S.Pankaj aNew DelhibA.P.H. Publishing Corporation c2004 a5, Ansari Road Darya GanjbNew Delhie110002 a566p. c21cmHb) aComputer networks aTelecommunication